[Event "Aragon-chT Preferente Descenso"]
[Site "Zaragoza"]
[Date "2023.04.01"]
[Round "10.26"]
[White "Carruez Gracia, Eduardo"]
[Black "Brosa Soto, Jesus"]
[Result "1-0"]
[WhiteElo "1941"]
[BlackElo "1938"]
[PlyCount "67"]
[EventDate "2023.04.01"]
[EventType "team-match"]
[EventRounds "10"]
[EventCountry "ESP"]
[SourceTitle "EXT 2024"]
[Source "ChessBase"]
[SourceDate "2023.10.10"]
[SourceVersion "1"]
[SourceVersionDate "2023.10.10"]
[SourceQuality "1"]
[WhiteTeam "Agrupacion II"]
[BlackTeam "Las Fuentes II"]
[WhiteTeamCountry "ESP"]
[BlackTeamCountry "ESP"]

1. e4 d6 2. d4 Nf6 3. Nc3 g6 4. Be3 Bg7 5. Qd2 Nc6 6. Be2 Ng4 7. Bxg4 Bxg4 8. f3 Bd7 9. h4 e5 10. d5 Ne7 11. h5 f5 12. Bh6 Bxh6 13. Qxh6 Kf7 14. Nh3 Qf8 15. hxg6+ Nxg6 16. Qd2 h6 17. f4 Qe7 18. 0-0-0 Kg7 19. Kb1 Raf8 20. Rde1 Rf6 21. Rhg1 Qf7 22. exf5 Nxf4 23. Nxf4 exf4 24. g4 fxg3 25. Ne4 Rxf5 26. Nxg3 Rg5 27. Qd4+ Kh7 28. Rgf1 Bf5 29. Nxf5 Rxf5 30. Rxf5 Qxf5 31. Re7+ Kg6 32. Rg7+ Kh5 33. Qd1+ Kh4 34. Qh1+ 1-0

[Event "Aragon-chT Preferente Gr I"]
[Site "Aragon"]
[Date "2022.02.05"]
[Round "2.36"]
[White "Lorente Melcon, Nicolas"]
[Black "Carruez Gracia, Eduardo"]
[Result "0-1"]
[WhiteElo "1707"]
[BlackElo "1934"]
[PlyCount "130"]
[EventDate "2022.01.29"]
[EventType "team-tourn"]
[EventRounds "9"]
[EventCountry "ESP"]
[SourceTitle "EXT 2024"]
[Source "ChessBase"]
[SourceDate "2023.10.10"]
[SourceVersion "1"]
[SourceVersionDate "2023.10.10"]
[SourceQuality "1"]
[WhiteTeam "Helios II"]
[BlackTeam "Agrupacion II"]
[WhiteTeamCountry "ESP"]
[BlackTeamCountry "ESP"]

1. e4 e6 2. d3 d5 3. Nd2 Nf6 4. Ngf3 c5 5. g3 Nc6 6. Bg2 Be7 7. 0-0 0-0 8. Re1 b5 9. e5 Nd7 10. Nf1 a5 11. h4 Re8 12. N1h2 b4 13. Ng4 Bf8 14. h5 h6 15. Ngh2 Ba6 16. g4 Be7 17. Bf4 Bg5 18. Qc1 f6 19. exf6 gxf6 20. Nf1 Nde5 21. Nxg5 hxg5 22. Bxe5 Nxe5 23. Nh2 Kh7 24. f4 Nf7 25. Nf3 Rg8 26. Qe3 Bc8 27. Re2 gxf4 28. Qxf4 e5 29. Qg3 Bxg4 30. Qf2 Ng5 31. Nxg5+ Rxg5 32. Re3 Qe7 33. Rg3 Rag8 34. Bxd5 Be6 35. Be4+ f5 36. Rxg5 Qxg5+ 37. Kf1 fxe4 38. Re1 Qh6 39. Qh4 Rf8+ 40. Ke2 exd3+ 41. cxd3 Qf6 42. Qxf6 Rxf6 43. a3 c4 44. axb4 axb4 45. dxc4 Bxc4+ 46. Ke3 Rf4 47. Ra1 Bd5 48. Ra5 Rd4 49. Ra7+ Kh6 50. Re7 Re4+ 51. Kd3 Kxh5 52. Rd7 Rd4+ 53. Ke3 Kg5 54. Rd6 Kf5 55. Rd8 Ke6 56. Re8+ Kd6 57. Rd8+ Kc5 58. Rc8+ Kb5 59. Re8 Re4+ 60. Kd3 Ka4 61. Kc2 Re2+ 62. Kc1 Kb3 63. Kd1 Bf3 64. Kc1 e4 65. Rb8 Rc2+ 0-1

[Event "Aragon-chT Preferente Gr-II"]
[Site "Aragon"]
[Date "2020.03.07"]
[Round "7.61"]
[White "Moya Gimeno, Raul"]
[Black "Carruez Gracia, Eduardo"]
[Result "0-1"]
[WhiteElo "1851"]
[BlackElo "1885"]
[PlyCount "146"]
[EventDate "2020.01.25"]
[EventType "team-tourn"]
[EventRounds "9"]
[EventCountry "ESP"]
[SourceTitle "EXT 2022"]
[Source "ChessBase"]
[SourceDate "2021.10.06"]
[SourceVersion "1"]
[SourceVersionDate "2021.10.06"]
[SourceQuality "1"]
[WhiteTeam "Marcos Frechin II"]
[BlackTeam "Agrupacion III"]
[WhiteTeamCountry "ESP"]
[BlackTeamCountry "ESP"]

1. e4 e6 2. d3 d5 3. Nd2 Nf6 4. Ngf3 Nc6 5. c3 dxe4 6. dxe4 e5 7. Bb5 Bd6 8. Nc4 Qe7 9. Bg5 0-0 10. Bxf6 Qxf6 11. Nxd6 cxd6 12. Qd2 a6 13. Bc4 Bg4 14. Qg5 Qxg5 15. Nxg5 h6 16. Nf3 Bxf3 17. gxf3 Ne7 18. 0-0-0 Rad8 19. Rhg1 Kh8 20. Rd3 f5 21. Rd2 Rf6 22. Rgd1 Ng6 23. exf5 Nf4 24. a4 Kh7 25. a5 h5 26. Bd5 Rd7 27. Be4 Kh6 28. b3 Kg5 29. h4+ Kxh4 30. Rg1 d5 31. Rg3 dxe4 32. Rxd7 Ne2+ 33. Kd2 Nxg3 34. fxg3+ Kxg3 35. fxe4 g6 36. Rg7 Kf3 37. fxg6 Kxe4 38. Ke2 b6 39. Ra7 bxa5 40. g7 Rg6 41. g8Q Rxg8 42. Rxa6 Rg2+ 43. Kf1 Rb2 44. Rxa5 Rxb3 45. Ke2 Rxc3 46. Ra4+ Kf5 47. Rh4 Kg5 48. Re4 Rc2+ 49. Kf3 Rc3+ 50. Ke2 Rc5 51. Kf3 Rd5 52. Ke2 h4 53. Kf3 h3 54. Rg4+ Kf5 55. Rh4 Rd3+ 56. Ke2 Ra3 57. Rh8 Ke4 58. Rh4+ Kd5 59. Rh8 h2 60. Rh4 Ke6 61. Rh6+ Kf5 62. Kf2 Kg5 63. Rh7 Kg4 64. Kg2 Ra2+ 65. Kh1 Ra1+ 66. Kxh2 Kf3 67. Rf7+ Ke3 68. Kg2 e4 69. Rb7 Rd1 70. Rb3+ Ke2 71. Rb2+ Rd2 72. Rb1 e3 73. Kg1 Rd1+ 0-1

[Event "Zaragoza Tejero Laman op 9th"]
[Site "Zaragoza"]
[Date "2017.09.17"]
[Round "1"]
[White "Carruez Gracia, Eduardo"]
[Black "Garza Marco, Sergio"]
[Result "0-1"]
[WhiteElo "1972"]
[BlackElo "2409"]
[PlyCount "42"]
[EventDate "2017.09.17"]
[EventType "swiss (rapid)"]
[EventRounds "9"]
[EventCountry "ESP"]
[SourceTitle "CBM 180 Extra"]
[Source "ChessBase"]
[SourceDate "2017.10.06"]
[SourceVersion "1"]
[SourceVersionDate "2017.10.06"]
[SourceQuality "1"]

1. e4 d6 2. d4 Nf6 3. Nc3 g6 4. Bg5 Bg7 5. f4 c6 6. Nf3 0-0 7. Be2 b5 8. a3 Nh5 9. Nd2 f6 10. Bxh5 fxg5 11. Bg4 Rxf4 12. Bxc8 Qxc8 13. Nf3 g4 14. Ne2 Rf8 15. Nd2 c5 16. c3 Qe6 17. Qc2 Nd7 18. Qd3 a6 19. e5 cxd4 20. cxd4 dxe5 21. d5 Nc5 0-1

[Event "Aragon-chT Honor GrA"]
[Site "Aragon"]
[Date "2016.02.06"]
[Round "2.7"]
[White "Carruez Gracia, Eduardo"]
[Black "Latorre Abad, Fernando"]
[Result "0-1"]
[WhiteElo "1938"]
[BlackElo "2056"]
[PlyCount "66"]
[EventDate "2016.01.30"]
[EventType "team-tourn"]
[EventRounds "7"]
[EventCountry "ESP"]
[SourceTitle "EXT 2018"]
[Source "ChessBase"]
[SourceDate "2017.10.13"]
[SourceVersion "1"]
[SourceVersionDate "2017.10.13"]
[SourceQuality "1"]
[WhiteTeam "Agrupacion II"]
[BlackTeam "Aragon ONCE"]
[WhiteTeamCountry "ESP"]
[BlackTeamCountry "ESP"]

1. c4 Nf6 2. Nf3 g6 3. g3 Bg7 4. Bg2 0-0 5. 0-0 d6 6. Nc3 e5 7. d3 Nc6 8. Rb1 a5 9. a3 Bg4 10. h3 Be6 11. b4 axb4 12. axb4 h6 13. b5 Ne7 14. Na4 b6 15. Bb2 Rc8 16. Nc3 Nd7 17. Nd2 f5 18. f4 g5 19. Nd5 Bxd5 20. cxd5 gxf4 21. gxf4 Ng6 22. fxe5 dxe5 23. Nc4 Nf4 24. Rxf4 exf4 25. Qb3 Bxb2 26. d6 Bd4+ 27. e3 fxe3 28. Bb7 Rb8 29. Nxb6+ Kg7 30. Qd5 Nxb6 31. Qxd4+ Qf6 32. Qxe3 f4 33. Qf3 cxd6 0-1

[Event "Zaragoza Province-ch Primera"]
[Site "Zaragoza"]
[Date "2015.11.08"]
[Round "6"]
[White "Obon Zuniga, Francisco"]
[Black "Carruez Gracia, Eduardo"]
[Result "0-1"]
[WhiteElo "1807"]
[BlackElo "1706"]
[PlyCount "92"]
[EventDate "2015.09.27"]
[EventType "swiss"]
[EventRounds "6"]
[EventCountry "ESP"]
[SourceTitle "CBM 170 Extra"]
[Source "ChessBase"]
[SourceDate "2016.02.25"]
[SourceVersion "1"]
[SourceVersionDate "2016.02.25"]
[SourceQuality "1"]

1. d4 Nf6 2. c4 g6 3. Nc3 Bg7 4. e4 d6 5. f3 0-0 6. Be3 e5 7. d5 c6 8. Qd2 Nh5 9. Nge2 f5 10. 0-0-0 f4 11. Bf2 c5 12. Kb1 a6 13. Nc1 Bd7 14. Bd3 Nf6 15. g4 Ne8 16. g5 Bh3 17. Bf1 Bxf1 18. Rdxf1 Qxg5 19. h4 Qd8 20. Rfg1 Nf6 21. Nd3 Nbd7 22. Be1 Nh5 23. Nf2 Rb8 24. Nh3 Bf6 25. Ng5 Bxg5 26. Rxg5 Ndf6 27. Rhg1 Qe8 28. a4 b6 29. Qc2 Rf7 30. Nd1 b5 31. cxb5 axb5 32. a5 b4 33. b3 Qb5 34. Nb2 Qxa5 35. Nc4 Qd8 36. Qg2 Ra8 37. Qh3 Rfa7 38. Qe6+ Kh8 39. Nxd6 Ra1+ 40. Kc2 R8a2+ 41. Kd3 Rd1+ 42. Kc4 Rc1+ 43. Kd3 Rd1+ 44. Kc4 Rd4+ 45. Kxc5 Qc7+ 46. Kb5 Ra5# 0-1